Výbor z listů Luciliovi / Lucius Annaeus Seneca ; [přeložil Bohumil Ryba]
Pětašedesát Senecových listů ze sto dvaceti čtyř, adresovaných příteli Luciliu Iuniorovi (avšak napsaných pro veřejnost), dává nahlédnout do nejlepších stránek myšlenkového odkazu významného římského stoického filosofa. Byly vytvořeny r. 63 a 64 n.l. a převažuje v nich etický zájem, usilující o zdokonalení člověka ve smyslu dokonalého duševního klidu, vyrovnanosti a duchovního bohatství. Z jejich pramene prýští životní moudrost, která citlivě reaguje na běžné události a inspiruje se jimi k meditacím, poučujícím o dobru a zlu.
Record details
- Physical Description: 282 s. ; 21 cm
- Edition: Vyd. 1.
- Publisher: Praha : Svoboda, 1969
Content descriptions
| General Note: | Přeloženo z latiny |
Search for related items by series
Available copies
- 2 of 2 copies available at Common Catalog SPOK.
Holds
- 0 current holds with 2 total copies.
Other Formats and Editions
Show Only Available Copies
| Location | Call Number / Copy Notes | Barcode | Shelving Location | Status | Due Date |
|---|---|---|---|---|---|
| ETS Library | 180 | 424470019190 | Volný výběr | Available | - |
| Hospic Dobrého Pastýře | PA
Tematická katagorie: Odborná - paliativní péče (PA) |
2045957019543 | Skříň ve 2. patře (SKŘ) | Available | - |
Electronic resources
Version of Resource: Digitalizovaný dokument
| LDR | 01718nam a22003371 4500 | ||
|---|---|---|---|
| 001 | 29989 | ||
| 003 | CZ-PrJAB | ||
| 005 | 20200713101112.0 | ||
| 007 | ta | ||
| 008 | 970502s1969 xr 000 | cze | ||
| 015 | . | ‡acnb000145619 | |
| 020 | . | ‡q(Váz.) : ‡cKčs 22,00 (brož. Kčs 17,20) | |
| 035 | . | ‡a(CZ PrNK)bk197000288 | |
| 035 | . | ‡a(OCoLC)42164245 | |
| 040 | . | ‡aABA001 ‡bcze ‡cULG001 ‡dABA001 | |
| 041 | 1 | . | ‡acze ‡hlat |
| 080 | . | ‡a17:19 Seneca,L.A. ‡2undef | |
| 100 | 0 | . | ‡aSeneca, ‡dasi 4 př. Kr.-65 po Kr. ‡7jn19981002127 ‡4aut |
| 240 | 1 | 0. | ‡aEpistulae morales ad Lucilium. ‡lČesky ‡7aun2007397705 |
| 245 | 1 | 0. | ‡aVýbor z listů Luciliovi / ‡cLucius Annaeus Seneca ; [přeložil Bohumil Ryba] |
| 250 | . | ‡aVyd. 1. | |
| 260 | . | ‡aPraha : ‡bSvoboda, ‡c1969 | |
| 300 | . | ‡a282 s. ; ‡c21 cm | |
| 490 | 1 | . | ‡aAntická knihovna ; ‡vsv. 4 |
| 500 | . | ‡aPřeloženo z latiny | |
| 520 | . | ‡aPětašedesát Senecových listů ze sto dvaceti čtyř, adresovaných příteli Luciliu Iuniorovi (avšak napsaných pro veřejnost), dává nahlédnout do nejlepších stránek myšlenkového odkazu významného římského stoického filosofa. Byly vytvořeny r. 63 a 64 n.l. a převažuje v nich etický zájem, usilující o zdokonalení člověka ve smyslu dokonalého duševního klidu, vyrovnanosti a duchovního bohatství. Z jejich pramene prýští životní moudrost, která citlivě reaguje na běžné události a inspiruje se jimi k meditacím, poučujícím o dobru a zlu. | |
| 700 | 1 | . | ‡aRyba, Bohumil, ‡d1900-1980 ‡7jk01103226 ‡4trl |
| 830 | 0. | ‡aAntická knihovna (Svoboda) | |
| 856 | 4 | 1. | ‡uhttp://kramerius4.nkp.cz/search/handle/uuid:c43d02c0-fc89-11e5-b4f9-005056827e51 ‡yDigitalizovaný dokument |
| 910 | . | ‡aBNE702 | |
| 910 | . | ‡aABG450 | |
| 964 | . | ‡aEtika - úvahy | |
| 901 | . | ‡a29989 ‡bCZ-PrJAB ‡c29989 ‡tbiblio | |